00880cam a2200265u 45000010008000000030004000080050017000120080041000290100017000700400019000870430012001060500015001180820016001331000046001492450032001952600033002273000025002606100066002856500042003517000054003939060045004479420012004929990015005049520095005199340642OSt20230621163224.0830118s1956 enk d 000 0 eng  a 56059070  aDLCcCarPdDLC ae-uk---00aJN594b.A7 a328.42bABR1 aAbraham, Louis Arnold. [from old catalog]12aA parliamentary dictionary, aLondon,bButterworth,c1956. aviii, 224 p.c23 cm.10aGreat Britain.bParliamentxRules and practicexDictionaries. 0aParliamentary practicexDictionaries.1 aHawtrey, S. C.q(Stephen Charles),ejoint author. a0bcbccpremunvduencipf19gy-gencatlg 2ddccBK c2306d2306 00102ddc4070a002b002d2023-06-21l0o328.42 ABRp10011088r2023-06-21w2023-06-21yBK